00448nam a22001575i 450000100060000000300090000600500170001500700030003200800410003504000200007610000200009624500630011626000620017930000270024185200220026853214ES-MaACL20230906162727.0t|950911s1895 fr ||||1| fre d aCAM bspa cCAM1 aDunan, Charles.10aThéorie psychologique de l'espace / cpar Charles Dunan. aParis : bFélix Alcan, c1895 (eEvreux : fHérissey) a[4], 167 p. ; c18 cm. aES-MaACLjF-12019